000 00664ccm a2200217 a 4500
001 5733767
005 20180301094325.0
008 980413s1996 azuuuz n eng
010 _a 95071172
020 _a0964788608
040 _aDLC
_cDLC
_dDLC
041 _aeng
080 _a7 OWE
082 _a7 OWE
100 1 _a44
101 _aART
245 0 4 _aThe art of the Native American flute /
_cby R. Carlos Nakai and James DeMars with additional material by David P. McAllester, Ken Light.
906 _a7
_bcbc
_corignew
_d2
_encip
_f19
_gy-genmusic
942 _2ddc
_cBK
999 _c43901
_d43901